| 000 | 01285nam a22003617a 4500 | ||
|---|---|---|---|
| 003 | CHAP | ||
| 005 | 20220329143310.0 | ||
| 008 | 080407d2006 es a r 00110 spa d | ||
| 010 | _a94619 | ||
| 011 | _a95591 | ||
| 020 | _a9701509919 | ||
| 035 | _a106218 | ||
| 040 | _cCHAP | ||
| 082 | 0 | 0 |
_a729.2 _bA5 |
| 100 | 1 |
_aAlcaide Marzal, Jorge _93535 |
|
| 245 | 1 | 0 |
_aDiseño de producto métodos y técnicas _c/ por Jorge Alcaide Marzal, José A. Diego Más y Miguel A. Artacho Ramírez |
| 260 |
_aValencia : _bUniversidad Politécnica de Valencia, _c2006 |
||
| 300 |
_a378 p. : _bilus. ; gráfs. ; cuadros |
||
| 590 |
_aBATCH-UPD _b10 _c20130110 _lUCH01 _h0413 |
||
| 590 |
_aBATCH-UPD _b10 _c20130110 _lUCH01 _h1957 |
||
| 590 |
_aBATCH-UPD _b10 _c20130410 _lUCH01 _h0048 |
||
| 590 |
_aBATCH-UPD _b10 _c20130913 _lUCH01 _h2350 |
||
| 590 |
_aCONVERSION _b10 _c20130109 _lUCH01 _h1352 |
||
| 650 | 1 | 4 |
_aDiseño en ingeniería. _932730 |
| 650 | 1 | 4 |
_aDiseño industrial. _932732 |
| 650 | 1 | 4 |
_aIndustrias manufactureras. _958008 |
| 650 | 1 | 4 |
_aIngeniería de estructuras. _958217 |
| 700 | 1 |
_aArtacho Ramírez, Miguel A. _97688 |
|
| 700 | 1 |
_aDiego Más, José A. _932514 |
|
| 901 | _aBK | ||
| 942 | _cLIBRO | ||
| 949 |
_a729.2 A5 _bBC _cLIBRO _d33724002047040 _eLIBRO _gI.c/e. _h109432 _i106218 _sb _t$238.00 |
||
| 999 |
_c94619 _d94619 |
||